Electric circuits and machines (Record no. 2228)

000 -LEADER
fixed length control field 00433nam a22001577a 4500
008 - FIXED-LENGTH DATA ELEMENTS--GENERAL INFORMATION
fixed length control field 200218b ||||| |||| 00| 0 eng d
082 00 - DEWEY DECIMAL CLASSIFICATION NUMBER
Classification number 621.313
Item number R6491
100 ## - MAIN ENTRY--PERSONAL NAME
9 (RLIN) 1808
Personal name Robertson, B. L.
245 10 - TITLE STATEMENT
Title Electric circuits and machines
260 ## - PUBLICATION, DISTRIBUTION, ETC. (IMPRINT)
Place of publication, distribution, etc Toronto
Name of publisher, distributor, etc D. Van Nostrand Company
Date of publication, distribution, etc 1952
300 ## - PHYSICAL DESCRIPTION
Extent vii,434p.
365 ## - TRADE PRICE
Unit of pricing 23.12
650 #0 - SUBJECT ADDED ENTRY--TOPICAL TERM
Topical term or geographic name as entry element Electric Machinery
700 ## - ADDED ENTRY--PERSONAL NAME
9 (RLIN) 1809
Personal name Black, L. J.
942 ## - ADDED ENTRY ELEMENTS (KOHA)
Item type Books
Holdings
Withdrawn status Lost status Source of classification or shelving scheme Damaged status Not for loan Permanent location Current location Date acquired Source of acquisition Full call number Barcode Date last seen Koha item type
          IMU Kolkata IMU Kolkata 1953-03-18 A. H. Wheeler 621.313 R6491 01825 2020-02-18 Books
          IMU Kolkata IMU Kolkata 1953-03-18 A. H. Wheeler 621.313 R6491 01826 2020-02-18 Books
Designed and Maintained by IMU-KC Library, Kolkata Campus © Copyright All Rights Reserved

webs counters

Powered by Koha